01489nam a2200241 a 4500001001000000003000900010005001700019007000300036008004100039040002500080082001400105100002900119245006800148260003500216300004200251490002300293500007600316504003200392505062200424650005601046650006901102651007601171000026564DO-SdBNP20230210094948.0ta110323e1988 dr ad gr 001 edspa d aDO-SdBNPbspacBNPHU 4bG934e222 aGuerrero, Miguel,d1945-10aEnero de 1962 :b¡el despertar dominicano! /cMiguel Guerrero. aSanto Domingo :bMograf,c1988 a276 p. :bil., map., retrs. ;c21 cm. aHistoria y cultura aIncluye datos biográficos del autor en la solapa de la contracubierta aBibliografía : p. 275-276 aUna explicación necesaria y Agradecimientos.--gCapítulo Uno.tUna misión ingrata.--gCapítulo Dos.t¡Qué manera de iniciar un año!.--gCapítulo Cuatro.tPonen fin a las sanciones.--gCapítulo Cinco.t¡¿Qué puede ser peor que un temblor de tierra?!.--gCapítulo Seis.tLa matanza del Parque Independencia.--gCapítulo Siete.tLa ciudad arde por doquier.--gCapítulo Ocho.tLa noche del primer golpe.--gCapítulo Nueve.tUna llamada nocturna.--gCapítulo Diez.tDos hombres solitario.--gCapítulo Once.tLa noche del segundo golpe.--gCapítulo Doce.tEl camino del exilio.--gAnexos. 4aMasacrexHistoriaySiglo XXzRepública Dominicana 4aViolencia PolíticaxHistoriaySiglo XXzRepública Dominicana 4aRepública DominicanavPolítica y GobiernoxHistoria- Masacrey1961